000 00363nam a2200145Ia 4500
008 230917s9999||||xx |||||||||||||| ||und||
040 _e56466
_aMAIN
041 _aEnglish
082 _a338.6 H122H
100 _aHagen, Everett
245 0 _aHandbooks for industry studies
260 _aBombay
_bAsia Publishing House
_c1959
300 _aix, 80 p.
942 _cBK
999 _c94870
_d94870